LEADER 01221nam--2200361---450- 001 990000961690203316 005 20051111110321.0 035 $a0096169 035 $aUSA010096169 035 $a(ALEPH)000096169USA01 035 $a0096169 100 $a20020214d1997----km-y0itay0103----ba 101 $aspa 105 $a||||||||001yy 200 1 $aBisancio, el dique iluminado$ela concepcion mistica del universalismo, sus raices judias y heléncas y su herencia cristiana$fAlvaro Uribe Rueda 210 $aSantafé de Bogotŕ$cInstituto Caro y Cuervo$d1997 215 $a611 p$d23 cm 225 2 $aPublicaciones del Instituto Caro y Cuervo$v97 410 $12001$aPublicaciones del Instituto Caro y Cuervo$v97 606 0 $aImpero d'Oriente$xStoria 676 $a949.5 700 1$aURIBE RUEDA,$bAlvaro$0552667 801 0$aIT$bsalbc$gISBD 912 $a990000961690203316 951 $aIX.2. 93(VIII E 29)$b139092 LM$cVIII E 959 $aBK 969 $aUMA 979 $aPATTY$b90$c20020214$lUSA01$h1526 979 $c20020403$lUSA01$h1738 979 $aPATRY$b90$c20040406$lUSA01$h1706 979 $aCOPAT3$b90$c20051111$lUSA01$h1103 996 $aBisancio, el dique iluminado$9972617 997 $aUNISA LEADER 01335cam a22003374a 4500 001 991002641619707536 006 m 007 cr nn m|n|a 008 020 $a9780470721537 035 $ab14207795-39ule_inst 082 00$a539.7/2$222 084 $aLC QC793.2 084 $a53.3.1 100 1 $aMartin, Brian Robert$049093 245 10$aParticle physics$h[e-book] /$cB.R. Martin, Graham Shaw 250 $a3rd ed. 260 $aChichester, U.K. :$bWiley,$cc2008 300 $a1 online resource (xvi, 442 p., [4] p. of plates) :$bill. 440 0$aThe Manchester physics series 504 $aIncludes bibliographical references (p. [433]-434) and index 650 4$aParticles (Nuclear physics) 700 1 $aShaw, Graham$eauthor$4http://id.loc.gov/vocabulary/relators/aut$049020 710 2 $aEBSCOhost (Online service) 776 08$iPrinted edition:$z9780470032947 856 40$u https://search.ebscohost.com/login.aspx?authtype=ip,uid&custid=s8825990&groupid=main&profile=ehost&defaultdb=nlebk$zAn electronic book accessible through the World Wide Web (on EBSCOhost) 907 $a.b14207795$b03-03-22$c28-11-14 912 $a991002641619707536 996 $aParticle physics$9840196 997 $aUNISALENTO 998 $ale006$b28-11-14$cm$d@ $e-$feng$guk $h0$i0